Largest Cities in Asia Beginning With 'N' - Statistics

General Stats
  • This quiz has been taken 183 times
  • The average score is 8 of 25
Answer Stats
# Population Country Answer % Correct
1 10,500,000 Japan Nagoya
93%
2 9,050,000 China Nánjīng
89%
9 1,840,000 Russia Novosibirsk
84%
4 5,100,000 China Nánníng
76%
25 409,118 Japan Nagasaki
69%
6 3,450,000 India Nagpur
68%
3 7,100,000 China Ningbo
62%
5 4,800,000 China Nánchāng
46%
7 3,250,000 China Nántōng
40%
12 1,240,000 Japan Naha
34%
8 2,275,000 India Nāshik
29%
15 789,275 Japan Niigata
27%
13 1,010,000 Iraq Najaf
21%
19 678,154 Uzbekistan Namangan
17%
11 1,350,000 China Nánchōng
16%
10 1,550,000 China Nányáng
16%
23 537,480 Russia Novokuznetsk
14%
21 558,446 Iraq Nasiriyah
13%
20 558,548 India Nellore
9%
22 550,439 India Nanded
7%
17 696,033 South Korea Namyangju
4%
24 425,499 China Níngdé
4%
14 936,897 China Nán'ān
2%
18 683,732 China Nèijiāng
1%
16 759,080 China Ningxiang
0%
No matching quizzes found
Score Distribution
Percent of People with Each Score
Percentile by Number Answered
Your Score History
You have not taken this quiz